000 00648nam a2200217 i 4500
001 30364
003 ES-MaACL
005 20250721062557.0
007 t|
008 030124s1860 fr ||||1| fre d
100 1 _aBastiat, Frédéric (
_d1801-1850)
_926365
245 1 0 _aHarmonies economiques /
_cFrederic Bastiat.
250 _a4eme ed., rev. et aug.
260 _a[S.l. :
_bs.n.,
_c1860] (
_eSaint-Denis :
_fA. Moulin)
300 _a592 p. ;
_c18 cm.
490 1 _aOeuvres complètes ;
_v6
650 0 7 _aEconomía
_2embne
_912006
830 0 _aOeuvres complètes ;
_v6
_9185724
852 _aES-MaACL
_jC-3530
999 _c30364
_d30364